[Event "Live Chess"]
[Site "Chess.com"]
[Date "2020.04.25"]
[Round "1"]
[White "Pitz, Luc"]
[Black "Hubert, Rene"]
[Result "0-1"]
[WhiteElo "1257"]
[BlackElo "1297"]
[WhiteCountry "bel"]
[BlackCountry "bel"]

1. e4 c6 2. f4 d5 3. e5 e6 4. Nf3 Ne7 5. d4 Nf5 6. c3 Be7 7. Bd3 Nh6 8. O-O 
Nd7 9. Be3 b6 10. Nbd2 c5 11. dxc5 bxc5 12. Ne1 Bb7 13. f5 Nxf5 14. Bxf5 exf5 
15. Rxf5 g6 16. Rf3 Nxe5 17. Rf2 d4 18. cxd4 cxd4 19. Qa4+ Bc6 20. Qxd4 Qxd4 
21. Bxd4 Bd6 22. Nc4 Nxc4 23. Bxh8 Bc5 24. b3 Bxf2+ 25. Kxf2 Nd6 26. Rc1 Kd7 
27. Be5 Ne4+ 28. Kg1 f6 29. Bb2 Re8 30. Rd1+ Kc7 31. Bxf6 Nxf6 32. Nf3 Re2 
33. Rc1 Rxa2 34. Nd4 Ra6 35. Nb5+ Kb6 36. Nd4 Bd5 37. b4 Ra2 38. Nc2 Be4 39. 
Nd4 Rxg2+ 40. Kf1 Rxh2 41. Rc8 Kb7 42. Rf8 Ng4 43. Rf7+ Kb6 44. Ne2 Bd3 45. 
Re7 Bxe2+ 46. Rxe2 Rxe2 47. Kxe2 Ne5 48. Ke3 Kb5 49. Ke4 Nc4 50. Kf4 Kxb4 51. 
Kg5 a5 52. Kh6 a4 0-1

[Event "Live Chess"]
[Site "Chess.com"]
[Date "2020.04.25"]
[Round "2"]
[White "Hubert, Rene"]
[Black "Pitz, Luc"]
[Result "1/2-1/2"]
[WhiteElo "1296"]
[BlackElo "1258"]
[WhiteCountry "bel"]
[BlackCountry "bel"]

1. e4 c5 2. c3 d5 3. exd5 Qxd5 4. d4 cxd4 5. cxd4 e5 6. Nf3 Bg4 7. Be2 Nc6 
8. dxe5 Qxd1+ 9. Bxd1 Bb4+ 10. Bd2 Bxd2+ 11. Nbxd2 O-O-O 12. O-O Nge7 13. h3 
Bh5 14. Re1 Kb8 15. Nc4 Rhe8 16. Nd6 Rf8 17. Ng5 Bxd1 18. Raxd1 Nb4 19. Ndxf7 
Rxd1 20. Rxd1 h6 21. Ne6 Rxf7 22. Rd8+ Nc8 23. Nc5 Kc7 24. Ne6+ Kb6 25. Rxc8 
Nxa2 26. Nf4 Re7 27. e6 Kb5 28. Rc2 Nb4 29. Re2 a5 30. Ng6 Re8 31. e7 Nc6 32. 
f4 a4 33. f5 Nd4 34. Re5+ Kc4 35. Ra5 b5 36. Ra7 Nc6 37. Rc7 Kc5 38. g4 Kd6 
39. Rb7 b4 40. h4 b3 41. g5 hxg5 42. hxg5 Nxe7 43. Nxe7 Rxe7 44. Rb6+ Ke5 45. 
Ra6 Kxf5 46. Rxa4 Kxg5 47. Rb4 Re1+ 48. Kf2 Re5 49. Rxb3 g6 50. Rb6 Rf5+ 51. 
Kg3 Rc5 52. b4 Rc3+ 53. Kg2 Kh5 54. b5 g5 55. Rb8 g4 56. b6 Kg5 57. b7 Rc2+ 
58. Kg3 Rc3+ 59. Kg2 Rc2+ 60. Kg3 Rc3+ 61. Kg2 1/2-1/2

[Event "Live Chess"]
[Site "Chess.com"]
[Date "2020.04.26"]
[Round "1"]
[White "Morgenthal, Renaud"]
[Black "Dans, Guy"]
[Result "1-0"]
[WhiteElo "1244"]
[BlackElo "899"]
[WhiteCountry "bel"]
[BlackCountry "bel"]

1. e4 c5 2. d4 cxd4 3. c3 dxc3 4. Nxc3 e6 5. Bc4 Ne7 6. Nf3 Ng6 7. O-O Be7 
8. Re1 O-O 9. Be3 Nc6 10. Rc1 b6 11. a3 Bb7 12. Nb5 d5 13. exd5 exd5 14. Bxd5 
Qc8 15. Nbd4 Qd7 16. Bxc6 Bxc6 17. Nxc6 Rfc8 18. Qxd7 1-0

[Event "Live Chess"]
[Site "Chess.com"]
[Date "2020.04.26"]
[Round "2"]
[White "Dans, Guy"]
[Black "Morgenthal, Renaud"]
[Result "0-1"]
[WhiteElo "877"]
[BlackElo "1246"]
[WhiteCountry "bel"]
[BlackCountry "bel"]

1. e4 e6 2. d4 d5 3. Nd2 Nf6 4. e5 Nfd7 5. Nb3 c5 6. c3 Qb6 7. Qg4 cxd4 8. 
Qxd4 Qxd4 9. Nxd4 a6 10. Ngf3 Bc5 11. Be2 O-O 12. O-O Nc6 13. Bf4 Nxd4 14. 
cxd4 Bb6 15. Rfd1 f6 16. Rac1 fxe5 17. dxe5 Rxf4 18. Nd4 Bxd4 19. Rxd4 Rxd4 
20. f3 Nxe5 21. Kf2 Nd3+ 22. Bxd3 Rxd3 23. Rc7 Rd2+ 24. Kg3 Rxb2 0-1

[Event "Live Chess"]
[Site "Chess.com"]
[Date "2020.04.26"]
[Round "1"]
[White "Szigetvari, Andre"]
[Black "Sauvage, Eric"]
[Result "0-1"]
[WhiteElo "1334"]
[BlackElo "1949"]
[WhiteCountry "bel"]
[BlackCountry "bel"]

1. e4 c5 2. b4 cxb4 3. a3 e6 4. axb4 Bxb4 5. c3 Be7 6. d4 Nf6 7. Bd3 O-O 8. 
Ba3 Bxa3 9. Nxa3 b6 10. f4 Bb7 11. Qc2 Nc6 12. Nf3 Rc8 13. Nb5 Nb4 14. Qd2 
Nxd3+ 15. Qxd3 Bxe4 16. Qe3 d5 17. Rxa7 Ra8 18. O-O Rxa7 19. Nxa7 Qd7 20. Ra1 
Bxf3 21. gxf3 Ra8 0-1

[Event "Live Chess"]
[Site "Chess.com"]
[Date "2020.04.26"]
[Round "2"]
[White "Sauvage, Eric"]
[Black "Szigetvari, Andre"]
[Result "1-0"]
[WhiteElo "1949"]
[BlackElo "1334"]
[WhiteCountry "bel"]
[BlackCountry "bel"]

1. e4 c5 2. Nf3 d6 3. Bb5+ Nd7 4. c4 a6 5. Bxd7+ Bxd7 6. d4 cxd4 7. Nxd4 e6 
8. Be3 Be7 9. Nc3 Nf6 10. f3 O-O 11. Qd2 h6 12. O-O Rc8 13. b3 Bc6 14. Rac1 
Qa5 15. Rfd1 Kh7 16. Kh1 b5 17. cxb5 axb5 18. Ncxb5 Bxb5 19. Qxa5 1-0

[Event "Live Chess"]
[Site "Chess.com"]
[Date "2020.04.26"]
[Round "1"]
[White "Nadin, Corinne"]
[Black "Marchal, Georges"]
[Result "0-1"]
[WhiteElo "1198"]
[BlackElo "1210"]
[WhiteCountry "bel"]
[BlackCountry "bel"]

1. d4 Nf6 2. c4 e5 3. dxe5 Ng4 4. Nf3 Bc5 5. e3 Nc6 6. h3 Ngxe5 7. Nxe5 Nxe5 
8. Be2 d6 9. Nc3 O-O 10. O-O Be6 11. b3 Qd7 12. Bf3 Rab8 13. Bb2 c6 14. Ne4 
Rbd8 15. Nxc5 dxc5 16. Bxe5 Qxd1 17. Raxd1 Rxd1 18. Rxd1 f6 19. Bg3 Kf7 20. 
Bg4 Bxg4 21. hxg4 Ke6 22. Bd6 Rd8 23. f4 Rxd6 24. Rxd6+ Kxd6 25. Kf2 g5 26. 
f5 Ke5 27. Kf3 h5 28. gxh5 Kxf5 29. g4+ Ke6 30. Ke4 b6 31. h6 Kf7 32. Kf5 a6 
33. e4 b5 34. cxb5 cxb5 35. h7 Kg7 36. a3 c4 37. h8=Q+ Kxh8 38. bxc4 bxc4 39. 
Kxf6 c3 40. e5 c2 41. e6 c1=Q 42. e7 Qf1+ 43. Kxg5 Qf7 44. Kh6 Qxe7 45. g5 
Qxa3 0-1

[Event "Live Chess"]
[Site "Chess.com"]
[Date "2020.04.26"]
[Round "2"]
[White "Marchal, Georges"]
[Black "Nadin, Corinne"]
[Result "1-0"]
[WhiteElo "1218"]
[BlackElo "1190"]
[WhiteCountry "bel"]
[BlackCountry "bel"]

1. e4 c6 2. d4 d5 3. Nc3 dxe4 4. f3 exf3 5. Nxf3 Bg4 6. Bd3 Nf6 7. Be3 e6 8. 
O-O Bd6 9. Qe1 O-O 10. Ne4 Nxe4 11. Bxe4 Nd7 12. Qh4 Qxh4 13. Nxh4 Nf6 14. 
Bd3 e5 15. Nf5 Bxf5 16. Bxf5 exd4 17. Bxd4 Nd5 18. c3 Rfe8 19. Rae1 g6 20. 
Be4 Be5 21. Bxd5 Bxd4+ 22. cxd4 Rxe1 23. Bxf7+ Kh8 24. Rxe1 Rf8 25. Re8 Kg7 
26. Rxf8 Kxf8 27. Bb3 Ke7 28. Kf2 Kd6 29. Ke3 b6 30. Ke4 c5 31. dxc5+ Kxc5 
32. Bg8 h6 33. Bh7 g5 34. Kf5 Kd4 35. Kg6 Kd3 36. Kxh6+ Kd2 37. Kxg5 Kc1 1-0

[Event "Live Chess"]
[Site "Chess.com"]
[Date "2020.04.27"]
[Round "3"]
[White "Morgenthal, Renaud"]
[Black "Nadin, Corinne"]
[Result "1-0"]
[WhiteElo "1261"]
[BlackElo "1199"]
[WhiteCountry "bel"]
[BlackCountry "bel"]

1. e4 c6 2. d4 d5 3. exd5 cxd5 4. c4 dxc4 5. Bxc4 Bd7 6. Nf3 e6 7. O-O Nc6 
8. d5 exd5 9. Bxd5 Nf6 10. Re1+ Be7 11. Nc3 Nxd5 12. Nxd5 O-O 13. Nxe7+ Nxe7 
14. Bg5 Re8 15. Ne5 f6 16. Qb3+ 1-0

[Event "Live Chess"]
[Site "Chess.com"]
[Date "2020.04.27"]
[Round "4"]
[White "Nadin, Corinne"]
[Black "Morgenthal, Renaud"]
[Result "1-0"]
[WhiteElo "1208"]
[BlackElo "1252"]
[WhiteCountry "bel"]
[BlackCountry "bel"]

1. d4 Nf6 2. c4 c5 3. d5 b5 4. cxb5 a6 5. bxa6 Bxa6 6. Nc3 g6 7. g3 d6 8. Bg2 
Bg7 9. Nf3 O-O 10. O-O Nbd7 11. Re1 Nb8 12. e4 Nbd7 13. Bf1 Bxf1 14. Kxf1 Rb8 
15. Qc2 Nb6 16. b3 Qc8 17. Bb2 c4 18. Rec1 cxb3 19. axb3 Nfd7 20. Nd2 Nc5 21. 
Nc4 Nxc4 22. bxc4 Nb3 23. Ra7 Nxc1 24. Bxc1 Bxc3 25. Qxc3 Rb7 26. Ra1 Qb8 27. 
Kg2 Rb3 28. Qd4 Rb1 29. Rxb1 Qxb1 30. Bh6 f6 31. f4 Qc2+ 32. Kh3 Ra8 33. e5 
Qf5+ 34. g4 Ra3+ 35. Kh4 g5+ 36. fxg5 fxg5+ 37. Bxg5 Ra2 38. gxf5 1-0

[Event "Live Chess"]
[Site "Chess.com"]
[Date "2020.04.27"]
[Round "3"]
[White "Pitz, Luc"]
[Black "Dans, Guy"]
[Result "1-0"]
[WhiteElo "1253"]
[BlackElo "859"]
[WhiteCountry "bel"]
[BlackCountry "bel"]

1. e4 d5 2. exd5 Qxd5 3. Nc3 Qa5 4. d4 c6 5. Nf3 Bg4 6. Be2 h5 7. O-O Nf6 8. 
Bd2 Qd8 9. Re1 e6 10. Bg5 Be7 11. Ne4 Nxe4 12. Bxe7 Qxe7 13. Qd3 Ng5 14. Ne5 
Bxe2 15. Rxe2 Nd7 16. Nc4 Rd8 17. Na5 Nc5 18. Qe3 Nce4 19. f3 Nd6 20. Rae1 
Nf5 21. Qf2 Nxd4 22. Rd2 Nb5 23. Rxd8+ Qxd8 24. Nxb7 Qe7 25. Nc5 h4 26. f4 
Nh7 27. Rd1 Nf8 28. a4 Nc7 29. Nb7 Nd5 30. Qxa7 Ng6 31. Qb8+ Kd7 32. Qa7 Nxf4 
33. Nc5+ Kd6 34. Nb7+ Ke5 35. Re1+ 1-0

[Event "Live Chess"]
[Site "Chess.com"]
[Date "2020.04.27"]
[Round "4"]
[White "Dans, Guy"]
[Black "Pitz, Luc"]
[Result "0-1"]
[WhiteElo "844"]
[BlackElo "1255"]
[WhiteCountry "bel"]
[BlackCountry "bel"]

1. e4 e5 2. Nf3 Nc6 3. d4 exd4 4. Nxd4 Qf6 5. Be3 Bc5 6. Nc3 Bxd4 7. Bxd4 Qxd4 
8. Qxd4 Nxd4 9. O-O-O Nc6 10. f4 d6 11. Bb5 Bd7 12. g3 a6 13. Bxc6 Bxc6 14. 
Rhe1 Kd7 15. Nd5 Re8 16. c4 Ne7 17. e5 Nxd5 18. cxd5 Bb5 19. e6+ fxe6 20. dxe6+ 
Rxe6 21. Rxe6 Kxe6 22. Re1+ Kf6 23. g4 Re8 24. Rg1 Re2 25. g5+ Kf5 26. h4 Re4 
27. h5 Rxf4 28. g6 h6 29. Re1 Rf1 30. Rxf1+ Bxf1 31. Kd2 Kg5 0-1

[Event "Live Chess"]
[Site "Chess.com"]
[Date "2020.04.27"]
[Round "3"]
[White "Sauvage, Eric"]
[Black "Marchal, Georges"]
[Result "1-0"]
[WhiteElo "2038"]
[BlackElo "1216"]
[WhiteCountry "bel"]
[BlackCountry "bel"]

1. e4 e5 2. Nc3 Bb4 3. f4 Bxc3 4. dxc3 d5 5. fxe5 dxe4 6. Qxd8+ Kxd8 7. Bc4 
Be6 8. Bxe6 fxe6 9. Ne2 Nc6 10. Bf4 Nge7 11. O-O-O+ Ke8 12. Nd4 Rf8 13. Nxe6 
Rf7 14. Nxc7+ Kf8 15. Bg3 Rc8 16. Ne6+ Kg8 17. Rhf1 Rxf1 18. Rxf1 Ng6 19. Re1 
Re8 20. Nc7 Re7 21. e6 Nge5 22. Rxe4 Rxc7 23. Bxe5 Nxe5 24. Rxe5 Kf8 25. Kd2 
Ke7 26. Ke3 Rc4 27. Kd3 Rg4 28. g3 Kd6 29. Re2 Ke7 30. c4 a5 31. c3 b6 32. 
b4 Rg5 33. Kd4 Rg4+ 34. Kd5 axb4 35. cxb4 g5 36. a4 1-0

[Event "Live Chess"]
[Site "Chess.com"]
[Date "2020.04.27"]
[Round "4"]
[White "Marchal, Georges"]
[Black "Sauvage, Eric"]
[Result "0-1"]
[WhiteElo "1216"]
[BlackElo "2038"]
[WhiteCountry "bel"]
[BlackCountry "bel"]

1. e4 c5 2. d4 cxd4 3. Nf3 Nc6 4. c3 dxc3 5. Nxc3 e6 6. Bc4 Nge7 7. Bg5 Qc7 
8. Qe2 a6 9. O-O Ng6 10. Rac1 Be7 11. Be3 O-O 12. Qd2 b5 13. Bb3 Bb7 14. Bf4 
Qd8 15. Bd6 Na5 16. Bc2 Nc4 17. Bxe7 Qxe7 18. Qe2 Nxb2 19. Bb3 Nc4 20. Bxc4 
bxc4 21. Qxc4 Rfc8 22. Qd3 d5 23. Rfe1 dxe4 24. Nxe4 Rxc1 25. Rxc1 Rd8 26. 
Qe3 Qb4 27. Nc5 Bxf3 28. Qxf3 a5 29. Qc3 Qxc3 0-1

[Event "Live Chess"]
[Site "Chess.com"]
[Date "2020.04.28"]
[Round "3"]
[White "Szigetvari, Andre"]
[Black "Hubert, Rene"]
[Result "1/2-1/2"]
[WhiteElo "1332"]
[BlackElo "1298"]
[WhiteCountry "bel"]
[BlackCountry "bel"]

1. e4 c6 2. d4 d5 3. exd5 cxd5 4. Bd3 Nf6 5. Nf3 e6 6. O-O Be7 7. Re1 Nbd7 
8. c3 a6 9. Bg5 h6 10. Bh4 b5 11. Nbd2 Bb7 12. Ne5 Rc8 13. a3 O-O 14. Ndf3 
Ne4 15. Bxe7 Qxe7 16. Nd2 Nxe5 17. dxe5 Nc5 18. Bb1 Qg5 19. Nf3 Qh5 20. Re3 
Ne4 21. Bxe4 dxe4 22. Nd4 Qxd1+ 23. Rxd1 f5 24. f4 Bd5 25. Kf2 Rc7 26. h4 Rb8 
27. h5 a5 28. Rd2 b4 29. cxb4 axb4 30. axb4 Rxb4 31. Ra3 Rcb7 32. Ra8+ Kh7 
33. b3 Bxb3 34. Nxb3 Rxb3 35. Re2 Rb2 36. Re8 Rxe2+ 37. Kxe2 Rb6 38. Re7 Kg8 
39. Rd7 Rb2+ 40. Kf1 e3 41. Re7 Rb4 42. Ke2 Rxf4 43. Rxe6 Rh4 44. Kxe3 Rxh5 
45. g3 Kf7 46. Ra6 g5 47. Rf6+ Ke7 48. Rxf5 Ke6 49. Ke4 Rh3 50. Rf6+ Ke7 51. 
Kf3 h5 52. Kg2 g4 53. Rh6 Kf7 1/2-1/2

[Event "Live Chess"]
[Site "Chess.com"]
[Date "2020.04.28"]
[Round "4"]
[White "Hubert, Rene"]
[Black "Szigetvari, Andre"]
[Result "0-1"]
[WhiteElo "1297"]
[BlackElo "1333"]
[WhiteCountry "bel"]
[BlackCountry "bel"]

1. e4 c5 2. c3 d6 3. d4 cxd4 4. cxd4 a6 5. Nf3 Nf6 6. Bd3 Bg4 7. Nbd2 e6 8. 
O-O Be7 9. Re1 Nbd7 10. h3 Bh5 11. Nf1 O-O 12. Ng3 Bg6 13. Nh4 Rc8 14. Nxg6 
hxg6 15. e5 dxe5 16. dxe5 Nd5 17. Be4 N7b6 18. Bd2 Nc4 19. Bxd5 Qxd5 20. Bf4 
Rfd8 21. b3 Na3 22. Qxd5 Rxd5 23. Red1 Rcd8 24. Rdc1 Nb5 25. a4 Na7 26. Rc7 
R8d7 27. Rac1 Nc6 28. Rxd7 Rxd7 29. Ne4 Nb4 30. Rc8+ Kh7 31. Nd6 g5 32. Bg3 
Kg6 33. f4 Nc6 34. Kh2 f6 0-1

[Event "Live Chess"]
[Site "Chess.com"]
[Date "2020.04.29"]
[Round "5"]
[White "Sauvage, Eric"]
[Black "Hubert, Rene"]
[Result "1-0"]
[WhiteElo "2016"]
[BlackElo "1320"]
[WhiteCountry "bel"]
[BlackCountry "bel"]

1. e4 c6 2. d4 d5 3. f3 e6 4. c4 Ne7 5. Nc3 Ng6 6. Bd3 a6 7. Nge2 Be7 8. O-O 
O-O 9. Be3 Nd7 10. cxd5 exd5 11. exd5 c5 12. Ne4 cxd4 13. Bxd4 Nde5 14. Bxe5 
Nxe5 15. Bc2 Qb6+ 16. Kh1 Qxb2 17. d6 Bf6 18. Nxf6+ gxf6 19. Bb3 Qa3 20. f4 
Nd7 21. Nc3 Qc5 22. Rc1 Qf5 23. Nd5 b5 24. Ne7+ 1-0

[Event "Live Chess"]
[Site "Chess.com"]
[Date "2020.04.29"]
[Round "6"]
[White "Hubert, Rene"]
[Black "Sauvage, Eric"]
[Result "0-1"]
[WhiteElo "1320"]
[BlackElo "2016"]
[WhiteCountry "bel"]
[BlackCountry "bel"]

1. e4 c5 2. c3 d5 3. exd5 Qxd5 4. d4 e6 5. Nf3 Nf6 6. Be2 Be7 7. O-O O-O 8. 
c4 Qd7 9. Nc3 b6 10. Be3 Bb7 11. Ne5 Qc7 12. Bf4 Bd6 13. Qd2 Nc6 14. Nb5 Qb8 
15. Nxd6 Qxd6 16. Ng6 Qxd4 17. Qxd4 Nxd4 18. Nxf8 Nxe2+ 19. Kh1 Nxf4 20. f3 
Kxf8 21. Rfd1 Ke8 22. g3 Bxf3+ 0-1

[Event "Live Chess"]
[Site "Chess.com"]
[Date "2020.04.29"]
[Round "6"]
[White "Dans, Guy"]
[Black "Szigetvari, Andre"]
[Result "1-0"]
[WhiteElo "958"]
[BlackElo "1327"]
[WhiteCountry "bel"]
[BlackCountry "bel"]

1. e4 c5 2. d4 cxd4 3. c3 d3 4. Bxd3 d6 5. Nf3 Nc6 6. O-O Nf6 7. Re1 e6 8. 
Bg5 Be7 9. Nbd2 O-O 10. Nc4 Qc7 11. Bc2 Rd8 12. Qe2 b5 13. Bxf6 Bxf6 14. e5 
dxe5 15. Ncxe5 Nxe5 16. Nxe5 a6 17. f4 Bb7 18. Rad1 Bd5 19. Be4 Bxe4 20. Qxe4 
Bxe5 21. fxe5 h6 22. Rxd8+ Rxd8 23. g4 Rd5 24. h4 Qe7 25. h5 Qa7+ 26. Kg2 Qd7 
27. Re2 Rd2 28. Kf3 Rxe2 29. Qxe2 Qd5+ 30. Qe4 Qxa2 31. Qa8+ Kh7 32. Qe4+ g6 
33. hxg6+ fxg6 34. Qb7+ Kg8 35. Qc8+ Kf7 36. Qc7+ Kf8 37. Qd8+ Kf7 38. Qf6+ 
Ke8 39. Qxg6+ Kd7 40. Qf7+ Kc6 41. Qe8+ Kd5 42. Qd8+ Kxe5 43. Qd4# 1-0

[Event "Live Chess"]
[Site "Chess.com"]
[Date "2020.04.29"]
[Round "5"]
[White "Szigetvari, Andre"]
[Black "Dans, Guy"]
[Result "1-0"]
[WhiteElo "1342"]
[BlackElo "829"]
[WhiteCountry "bel"]
[BlackCountry "bel"]

1. e4 e5 2. f4 exf4 3. Nf3 d6 4. Bc4 Nf6 5. Nc3 Bg4 6. d4 c6 7. Bxf4 Be7 8. 
O-O b5 9. Bd3 O-O 10. Qd2 b4 11. Nd1 a5 12. Ne3 Bxf3 13. Rxf3 Nbd7 14. Nf5 
Nh5 15. Bxd6 Bxd6 16. Nxd6 Nb6 17. e5 Nd5 18. Raf1 Ra7 19. Rf5 Qh4 20. c3 bxc3 
21. bxc3 g6 1-0

[Event "Live Chess"]
[Site "Chess.com"]
[Date "2020.04.29"]
[Round "6"]
[White "Nadin, Corinne"]
[Black "Pitz, Luc"]
[Result "1-0"]
[WhiteElo "1205"]
[BlackElo "1290"]
[WhiteCountry "bel"]
[BlackCountry "bel"]

1. d4 f5 2. c4 Nf6 3. g3 e6 4. Bg2 Bb4+ 5. Bd2 Bxd2+ 6. Nxd2 O-O 7. e3 c6 8. 
Ne2 d5 9. cxd5 cxd5 10. Rc1 Bd7 11. O-O Nc6 12. Nf4 Rc8 13. Re1 Rc7 14. a3 
Qc8 15. b4 a6 16. Nd3 b6 17. Nb3 Be8 18. Nf4 e5 19. dxe5 Nxe5 20. Nxd5 Nxd5 
21. Qxd5+ Nf7 22. Rxc7 Qxc7 23. Rc1 Qd7 24. Qc6 Ne5 25. Qxd7 Bxd7 26. f4 Nf7 
27. Bd5 Rc8 28. Rxc8+ Bxc8 29. Nd4 Bd7 30. Kf2 Kf8 31. Kf3 Nd6 32. Be6 Ke7 
33. Bxd7 Kxd7 34. g4 g6 35. gxf5 gxf5 36. Nb3 Nc4 37. a4 Nb2 38. a5 bxa5 39. 
bxa5 Nc4 40. e4 fxe4+ 41. Kxe4 Nd6+ 42. Kd5 Nb7 43. Nc5+ Nxc5 44. Kxc5 Kc7 
45. f5 1-0

[Event "Live Chess"]
[Site "Chess.com"]
[Date "2020.04.29"]
[Round "5"]
[White "Pitz, Luc"]
[Black "Nadin, Corinne"]
[Result "1-0"]
[WhiteElo "1300"]
[BlackElo "1195"]
[WhiteCountry "bel"]
[BlackCountry "bel"]

1. e4 c6 2. f4 d5 3. e5 e6 4. d4 c5 5. Nf3 cxd4 6. Nxd4 Nc6 7. Nxc6 bxc6 8. 
Bd3 Bc5 9. Nc3 Bb7 10. Qg4 g6 11. Bd2 Ne7 12. h4 Nf5 13. O-O-O h5 14. Qg5 O-O 
15. Bxf5 exf5 16. Na4 Be7 17. Qg3 Rb8 18. Nc3 d4 19. Ne2 Ba6 20. Qf3 Bxe2 21. 
Qxe2 Bxh4 22. Qa6 Be7 23. Ba5 Qd5 24. c3 c5 25. Rhg1 Qe4 26. Bc7 Qxf4+ 27. 
Kb1 Rbc8 28. Qxa7 Qe4+ 29. Ka1 Bd8 30. Bd6 Re8 31. Rde1 Qa8 32. Qxa8 Rxa8 33. 
Bxc5 d3 34. Rd1 Rxe5 35. Bd4 Rea5 36. a3 Rb5 37. Rxd3 Rab8 38. b4 R5b7 39. 
Be5 Ra8 40. Ka2 Rba7 41. c4 Be7 42. Bd6 Bxd6 43. Rxd6 Rxa3+ 44. Kb2 Ra1 45. 
Rxa1 Rxa1 46. Kxa1 Kf8 47. b5 1-0

[Event "Live Chess"]
[Site "Chess.com"]
[Date "2020.04.29"]
[Round "6"]
[White "Marchal, Georges"]
[Black "Morgenthal, Renaud"]
[Result "1-0"]
[WhiteElo "1261"]
[BlackElo "1243"]
[WhiteCountry "bel"]
[BlackCountry "bel"]

1. d4 Nf6 2. Nc3 d5 3. e4 e6 4. Bg5 h6 5. Bxf6 Qxf6 6. Bd3 Bb4 7. e5 Qe7 8. 
Nf3 c5 9. O-O Bxc3 10. bxc3 c4 11. Be2 Nc6 12. h3 Qa3 13. Nh4 Qxc3 14. Nf3 
Qa5 15. Qd2 Qxd2 16. Nxd2 Nxd4 17. Bd1 Bd7 18. Rb1 b6 19. Nf3 Nxf3+ 20. Bxf3 
Rb8 21. Bg4 O-O 22. f4 g6 23. h4 h5 24. Bh3 b5 25. g4 b4 26. gxh5 gxh5 27. 
f5 exf5 28. Bxf5 Bxf5 29. Rxf5 a5 30. Rxh5 Kg7 31. Rg5+ Kh6 32. Rf1 Rg8 33. 
Rf6+ Kh7 34. Rxg8 Rxg8+ 35. Kh2 Rg7 36. Rd6 b3 37. axb3 cxb3 38. cxb3 Rg8 39. 
Rxd5 Rb8 40. Rxa5 Rxb3 41. Ra6 Rb4 42. Kh3 Rb3+ 43. Kg4 Rb4+ 44. Kg5 Rb5 45. 
Kf6 Rb4 46. Kxf7 Rxh4 47. e6 Rf4+ 48. Ke8 Kg7 49. Ra7+ Kf6 50. e7 Ke6 51. Kd8 
Rd4+ 52. Kc8 Rc4+ 53. Kb8 Rb4+ 54. Ka8 1-0

[Event "Live Chess"]
[Site "Chess.com"]
[Date "2020.04.29"]
[Round "5"]
[White "Morgenthal, Renaud"]
[Black "Marchal, Georges"]
[Result "0-1"]
[WhiteElo "1251"]
[BlackElo "1253"]
[WhiteCountry "bel"]
[BlackCountry "bel"]

1. e4 e5 2. Nf3 Nc6 3. d4 exd4 4. Bc4 Nf6 5. O-O Be7 6. e5 Ne4 7. Nxd4 Nxd4 
8. Qxd4 Nc5 9. e6 dxe6 10. Qxg7 Bf6 11. Qg3 Ne4 12. Qf3 Ng5 13. Qb3 b6 14. 
Nc3 Bb7 15. Bxg5 Bxg5 16. Ne4 Rg8 17. Rad1 Qe7 18. Ng3 Rd8 19. c3 Bf4 20. Rfe1 
Bd6 21. Bb5+ c6 22. Nf5 Qg5 23. Nxd6+ Rxd6 24. g3 Rxd1 25. Rxd1 Qxb5 26. Qxb5 
cxb5 27. Rd6 Ke7 28. Rd4 Rd8 29. Kf1 Rxd4 30. cxd4 Bd5 31. a3 Kf6 32. Ke2 Kf5 
33. Kd3 a5 34. Ke3 e5 35. dxe5 Kxe5 36. f4+ Kf5 37. Kd4 Bc4 38. Ke3 Kg4 39. 
Kf2 Kh3 40. Kg1 f5 41. b4 axb4 42. axb4 h5 43. Kh1 h4 44. Kg1 hxg3 45. hxg3 
Kxg3 46. Kh1 Kxf4 47. Kg2 Ke3 48. Kg3 f4+ 0-1

[Event "Live Chess"]
[Site "Chess.com"]
[Date "2020.05.01"]
[Round "7"]
[White "Hubert, Rene"]
[Black "Marchal, Georges"]
[Result "1-0"]
[WhiteElo "1362"]
[BlackElo "1241"]
[WhiteCountry "bel"]
[BlackCountry "bel"]

1. e4 Nf6 2. e5 Nd5 3. d4 d6 4. Nf3 g6 5. c4 Nb6 6. Be2 Bg7 7. Bf4 N8d7 8. 
O-O dxe5 9. dxe5 e6 10. Nc3 Nc5 11. Qxd8+ Kxd8 12. Bg5+ Ke8 13. Nb5 Na6 14. 
Rad1 Bd7 15. Bf6 Bxf6 16. exf6 Bxb5 17. cxb5 Nc5 18. b4 Ne4 19. Rc1 Nd5 20. 
a3 Nexf6 21. Bc4 Ke7 22. Rfe1 Nb6 23. Bb3 Nfd5 24. a4 Rhe8 25. a5 Nd7 26. Bxd5 
Kf6 27. Bxb7 Rab8 28. Bc6 Red8 29. Rcd1 Nf8 30. g4 Rxd1 31. Rxd1 g5 32. h4 
h6 33. h5 Ke7 34. Ne5 Rd8 35. Rxd8 Kxd8 36. Nxf7+ Ke7 37. Nxh6 Kf6 38. f3 Kg7 
39. Be4 Kxh6 40. Kf2 Nd7 41. Ke3 Ne5 42. f4 Nxg4+ 43. Kf3 Kxh5 44. Bc6 gxf4 
45. Kxf4 e5+ 46. Ke4 Kg5 47. Bd7 Nf2+ 48. Kxe5 Nd3+ 49. Kd5 Nxb4+ 50. Kc5 Nd3+ 
51. Kc6 Kf6 52. Kxc7 Ne5 53. b6 axb6 54. axb6 Nc4 55. b7 Na5 56. b8=Q Ke7 57. 
Qd8+ 1-0

[Event "Live Chess"]
[Site "Chess.com"]
[Date "2020.05.01"]
[Round "8"]
[White "Marchal, Georges"]
[Black "Hubert, Rene"]
[Result "1-0"]
[WhiteElo "1252"]
[BlackElo "1351"]
[WhiteCountry "bel"]
[BlackCountry "bel"]

1. e4 c6 2. d4 d5 3. Nc3 dxe4 4. f3 Nf6 5. fxe4 e6 6. Nf3 Bb4 7. Bd3 O-O 8. 
Bg5 Nbd7 9. O-O Qa5 10. Ne2 h6 11. Bxf6 Nxf6 12. c3 Be7 13. Ne5 Bd6 14. Nc4 
Qd8 15. e5 Be7 16. exf6 Bxf6 17. Qe1 b5 18. Ne3 Bb7 19. Ng4 Bg5 20. Ne5 Bf6 
21. Rxf6 Qxf6 22. Nd7 Rad8 23. Nxf8 Kxf8 24. Qd2 Qg5 25. Qxg5 hxg5 26. Be4 
f5 27. Bd3 c5 28. Bxb5 cxd4 29. Nxd4 Be4 30. Nxe6+ Ke7 31. Nxd8 Kxd8 32. Rd1+ 
Ke7 33. Rd7+ Kf6 34. Rxa7 1-0

[Event "Live Chess"]
[Site "Chess.com"]
[Date "2020.05.01"]
[Round "7"]
[White "Sauvage, Eric"]
[Black "Dans, Guy"]
[Result "1-0"]
[WhiteElo "2037"]
[BlackElo "958"]
[WhiteCountry "bel"]
[BlackCountry "bel"]

1. e4 c5 2. Nf3 d6 3. Bb5+ Bd7 4. Bxd7+ Nxd7 5. c4 g6 6. d4 Bg7 7. Be3 Ngf6 
8. Nc3 cxd4 9. Nxd4 Ne5 10. b3 O-O 11. f3 a6 12. Qd2 Re8 13. O-O Rc8 14. Rac1 
e6 15. Rfd1 Qc7 16. h3 Rcd8 17. Kh1 Nh5 18. Nde2 b5 19. cxb5 Nf6 20. bxa6 Qa5 
21. a7 Ra8 22. Na4 Qxd2 23. Rxd2 d5 24. exd5 Nxd5 25. Bf2 Nb4 26. Nd4 Nbd3 
27. Rc7 Nxf2+ 28. Rxf2 Nd3 29. Rd2 Nc1 30. Nb6 Rad8 31. a8=Q Rxa8 32. Nxa8 
Rxa8 33. Rxc1 Bxd4 34. Rxd4 Rxa2 35. Rd7 Rb2 36. Rb7 Kg7 37. Rcc7 Kh6 38. Rxf7 
e5 39. h4 Re2 40. Rxh7# 1-0

[Event "Live Chess"]
[Site "Chess.com"]
[Date "2020.05.01"]
[Round "8"]
[White "Dans, Guy"]
[Black "Sauvage, Eric"]
[Result "0-1"]
[WhiteElo "958"]
[BlackElo "2037"]
[WhiteCountry "bel"]
[BlackCountry "bel"]

1. e4 c5 2. d4 cxd4 3. c3 dxc3 4. Nxc3 e6 5. Nb5 a6 6. Nd4 d5 7. exd5 Qxd5 
8. Be3 Nf6 9. Ngf3 Be7 10. Qc2 O-O 11. Bc4 Qe4 12. Qxe4 Nxe4 13. O-O b5 14. 
Bd3 Nc5 15. Be2 Bb7 16. Rac1 Nbd7 17. Rfd1 Rfd8 18. b4 Ne4 19. Rc7 Bd5 20. 
a3 Bf6 21. Rdc1 Ne5 22. Nxe5 Bxe5 23. Re7 Rac8 24. Rxc8 Rxc8 25. Ra7 Ra8 26. 
Rxa8+ Bxa8 27. Nc6 Bxc6 28. f3 Nc3 29. Bf1 Kf8 30. Bg5 h6 31. Be3 Ke7 32. f4 
Bd6 33. g4 Nd5 34. Bd4 Nxf4 35. Bxg7 h5 36. gxh5 Nxh5 37. Bc3 e5 38. Be2 Nf4 
39. Bg4 f5 40. Bd1 e4 41. Kf2 Nd3+ 42. Ke3 Bxh2 43. Bd4 f4+ 44. Kd2 Ke6 45. 
Bg4+ Kd5 46. Bf6 Ne5 47. Ke2 Nxg4 0-1

[Event "Live Chess"]
[Site "Chess.com"]
[Date "2020.05.01"]
[Round "7"]
[White "Szigetvari, Andre"]
[Black "Nadin, Corinne"]
[Result "0-1"]
[WhiteElo "1328"]
[BlackElo "1237"]
[WhiteCountry "bel"]
[BlackCountry "bel"]

1. e4 c6 2. d4 d5 3. exd5 cxd5 4. Nf3 Nf6 5. Bd3 Nc6 6. c3 Bg4 7. O-O e6 8. 
Bg5 Be7 9. Nbd2 O-O 10. Re1 h6 11. Bh4 Nd7 12. Bxe7 Nxe7 13. h3 Bf5 14. Qc2 
Bxd3 15. Qxd3 Nf5 16. Ne5 Nxe5 17. dxe5 Re8 18. Nf3 Rc8 19. Re2 Qc7 20. Nd4 
Ne7 21. f4 Nc6 22. Nxc6 bxc6 23. Kh1 c5 24. b3 c4 25. b4 cxd3 0-1